000 01280cam a2200325 i 4500
001 20596
003 Mx-PuUPA
005 20250930125658.0
008 140415s1950 mx gr 001 0 spa d
040 _aMx-PuUPA
_bspa
_cMx-PuUPA
_dMx-PuUPA
_erda
041 1 _aspa
_heng
100 1 _99940
_aSoulé, George,
_d1834-1926
_eautor
240 1 0 _aIntroduction to economic science.
_lEspañol
245 1 0 _aIntroducción a la economía contemporánea /
_cGeorge Soule ; traducción de Cristóbal Lara Beautell
246 3 8 _aG. Soule :
_beconomía contemporánea.
250 _aPrimera edición
264 1 _aMéxico, D.F. :
_bFondo de Cultura Económica,
_c©1950
300 _a154 páginas ;
_c18 cm
336 _atexto
_2rdacontent
_btxt
337 _asin medio
_2rdamedia
_bn
338 _avolumen
_2rdacarrier
_bnc
490 0 _aBreviarios del Fondo de Cultura Económica ;
_v36
500 _aReimpresiones: (Primera, 1953) ; (Segunda, 1962) ; (Tercera, 1970).
650 7 _2armarc
_aEconomía
700 1 _aLara Beautell, Cristóbal,
_etraductor
765 0 _aSoulé, George,
_bPrimera edición
_dNueva York : The Viking Press, ©1948
_tIntroduction to economic science.
942 _2ddc
_cLI
_h330
_iS7518
999 _c20596
_d20596